| 000 | 01606nam a2200313 a 4500 | ||
|---|---|---|---|
| 001 | BRCA_8662 | ||
| 005 | 20190320210347.0 | ||
| 008 | 291116s1855----mx-a######---#000-0#spa-# | ||
| 041 | _aspa | ||
| 044 | _amx | ||
| 050 | 4 |
_aF1215 _b.D43 _c1855-1856 |
|
| 100 | 1 |
_aDecaen _921610 |
|
| 245 | 1 | 0 |
_aMéxico y sus alrededores _bcolección de monumentos, trajes y paisajes _cBajo la dirección de Decaen; dibujados al natural y litografiados por los artistas mexicanos C. Castro, J. Campillo, L. Auda, G. Rodríguez. |
| 260 |
_aMéxico _bEstablecimiento litográfico de Decaen _c1855-1856 |
||
| 300 |
_a32 p. _bil. _c47 cm |
||
| 500 | _aFondo antiguo | ||
| 500 | _aSe encuentra en Caja Fuerte | ||
| 500 | _aW-20/B-95/R-35 | ||
| 500 | _aLos articulos descriptivos son de los señores: D. Marcos Arronis, D. José T. de Cuellar, D. Florencio M. del Castillo, D. Hilarion Fias y Soto, D. Francisco González Bocanegra, D. J. M. González, D. Luis Ortíz, D. Manuel Orozco y Berra, D. Manuel Payno, D. Anselmo de la Portilla, D. José Fernando Ramírez, D. Luis de la Rosa, D. Vicente Segura Argüelles, D. Francisco Zarco y D. Nicieto de Zamacois | ||
| 500 | _aContiene 30 láminas con litografías algunas en color | ||
| 500 | _aNota de encuadernación: en tela sobre cartón | ||
| 506 | 0 |
_aFondo reservado: para su consulta es necesario credencial de usuario y carta de motivos _xDescripción y viajes _zMéxico |
|
| 700 | 1 |
_aCastro, C. _eil. _911049 |
|
| 700 | 1 |
_aCampillo, J. _eil. _921611 |
|
| 700 | 1 |
_aAuda, L. _eil. _921612 |
|
| 700 | 1 |
_aRodríguez, G. _eil. _921613 |
|
| 902 | _aLAR | ||
| 942 |
_2lcc _cB |
||
| 999 |
_c8321 _d8321 |
||